[Event "Hampstead U2200 July 2013"]
[Site "Hampstead, UK"]
[Date "2013.07.21"]
[Round "4"]
[White "Gupta, Arul"]
[Black "Balouka Myers, Gabriel"]
[Result "1/2-1/2"]
[WhiteElo "1789"]
[BlackElo "1548"]
[EventRounds "5"]

1. e4 c6 2. d4 d5 3. exd5 cxd5 4. Bd3 Nf6 5. c3 Bg4 6. Qb3 Qc7 7. Ne2 Nbd7 8.
Bf4 Qb6 9. Qc2 e6 10. Ng3 Nh5 11. Nxh5 Bxh5 12. O-O Bd6 13. Be3 Bg6 14. Bxg6
hxg6 15. h3 Nf6 16. Nd2 Qc7 17. Rfe1 O-O-O 18. a4 Rh7 19. c4 Kb8 20. c5 Bf4
21. Bxf4 Qxf4 22. Nf3 Rdh8 23. Qd2 Qc7 24. Qe2 Ne4 25. Qe3 Rh5 26. Kf1 Rf5 27.
Re2 g5 28. Ne5 f6 {#d} 1/2-1/2

[Event "Hampstead U2200 July 2013"]
[Site "Hampstead, UK"]
[Date "2013.07.21"]
[Round "4"]
[White "Sutton, Daniel"]
[Black "Breindel, Jake"]
[Result "1-0"]
[WhiteElo "1616"]
[BlackElo "1786"]
[EventRounds "5"]

1. e4 d5 2. exd5 Nf6 3. Nf3 Nxd5 4. d4 Bg4 5. h3 Bh5 6. g4 Bg6 7. Bg2 c6 8.
Ne5 e6 9. Nxg6 hxg6 10. c4 Nb6 11. Qd3 Be7 12. Nc3 Na6 13. Be3 Bf6 14. Rd1 Nc7
15. O-O O-O 16. Ne4 Be7 17. b3 Nd7 18. Bf4 Nf6 19. Qg3 Nxe4 20. Bxe4 Ne8 21.
d5 exd5 22. cxd5 cxd5 23. Bxd5 Qb6 24. Qf3 Nd6 25. Rfe1 Bf6 {#r} 1-0

[Event "Hampstead U2200 July 2013"]
[Site "Hampstead, UK"]
[Date "2013.07.21"]
[Round "4"]
[White "Brozel, Sacha"]
[Black "Reed, Liam"]
[Result "1-0"]
[WhiteElo "1706"]
[BlackElo "1417"]
[EventRounds "5"]

1. d4 d6 2. c4 Nf6 3. Nc3 g6 4. e4 Bg7 5. Nf3 O-O 6. Be2 e5 7. O-O Nbd7 8. Bg5
c5 9. d5 Nb6 10. a3 Bg4 11. Nd2 Bxe2 12. Qxe2 Qd7 13. b4 Rac8 14. Rfb1 a6 15.
bxc5 Nxc4 16. Nxc4 Rxc5 17. Be3 Rc7 18. Nb6 Qe7 19. Rc1 Nd7 20. Nca4 Nc5 21.
Nxc5 dxc5 22. Rab1 f5 23. Qc4 Rf7 24. Bxc5 Qg5 25. d6 Rc6 26. d7 Bf8 27. Qd5
Bxc5 28. Rxc5 Qd8 29. Rxc6 bxc6 30. Qe6 fxe4 31. Qe8+ Rf8 32. Qxd8 Rxd8 33.
Kf1 Kf8 34. Ke2 Ke7 35. Ke3 Rb8 36. Nc8+ Kxd7 37. Rxb8 Kc7 38. Rb4 Kxc8 39.
Kxe4 Kd7 40. Kxe5 c5 41. Rb6 c4 42. Kd4 Kc7 43. Rxa6 Kb7 44. Rf6 c3 45. Kxc3
h5 46. Kb4 h4 47. Kb5 Kc7 48. a4 h3 49. g3 g5 50. a5 g4 51. a6 Kc8 52. Rh6 Kc7
53. a7 Kd7 54. a8=Q Ke7 55. Qa7+ {#r} 1-0

[Event "Hampstead U2200 July 2013"]
[Site "Hampstead, UK"]
[Date "2013.07.21"]
[Round "4"]
[White "Winter, Malcolm J"]
[Black "Miu, Marinel"]
[Result "0-1"]
[WhiteElo "1553"]
[BlackElo "1700"]
[EventRounds "5"]

1. d4 d5 2. Nf3 e6 3. c4 c6 4. Nc3 f5 5. Bf4 Bd6 6. e3 Nf6 7. Bd3 O-O 8. O-O
Ne4 9. Qc2 Qe7 10. c5 Bc7 11. b4 h6 12. Ne5 Rf6 13. h3 g5 14. Bh2 Nd7 15. b5
Nexc5 16. bxc6 bxc6 17. Nxc6 Bxh2+ 18. Kxh2 Qd6+ 19. Ne5 Nxd3 20. Qxd3 Nxe5
21. dxe5 Qxe5+ 22. f4 Qd6 23. Qd4 Rf8 24. Rab1 Ba6 25. Nb5 Bxb5 26. Rxb5 Qa6
27. Rfb1 Rf7 28. a4 Qd6 29. Rb7 Raf8 30. g3 Qa6 31. R7b5 Rg7 32. a5 Kh7 33.
Qb4 Rfg8 34. Rb3 gxf4 35. exf4 Qc6 36. Rc3 Qd7 37. a6 Qe7 38. Qxe7 Rxe7 39.
Rb7 Rxb7 40. axb7 Rb8 41. Rc7+ Kg6 42. Kg2 a5 43. Kf3 a4 44. Rc6 Kf6 45. Ra6
Rxb7 46. Rxa4 Rb3+ 47. Kf2 Rb2+ 48. Ke3 Rh2 49. h4 Rh1 50. Ke2 Rg1 51. Kf3 Rc1
52. Ke2 Rc3 53. Kf2 Rc6 54. Ke3 Rb6 55. Rd4 Kg6 56. Ra4 Kh5 57. Ra8 Rb4 58.
Ra6 Re4+ 59. Kf3 Kg6 60. g4 fxg4+ 61. Kxg4 h5+ 62. Kf3 Kf5 63. Ra8 Rxf4+ 64.
Kg3 Rg4+ 65. Kh3 Re4 66. Rf8+ Kg6 67. Rg8+ Kh7 68. Rg5 Re3+ {#R} 0-1

[Event "Hampstead U2200 July 2013"]
[Site "Hampstead, UK"]
[Date "2013.07.21"]
[Round "4"]
[White "Sharkey, Brian"]
[Black "Samadov, Samir"]
[Result "0-1"]
[WhiteElo "1810"]
[BlackElo "1490"]
[EventRounds "5"]

1. d4 d5 2. c4 c6 3. Nf3 Nf6 4. Nc3 dxc4 5. a4 Bf5 6. e3 e6 7. Bxc4 h6 8. Qb3
Qc7 9. Nd2 Nbd7 10. e4 Bh7 11. e5 Ng8 12. f4 a6 13. Nde4 Qb6 14. Be3 Qxb3 15.
Bxb3 Nb6 16. O-O Nd5 17. Nxd5 cxd5 18. Nc3 Bb4 19. a5 f6 20. Bd2 Ne7 21. Ba4+
Kf7 22. Bd1 Nc6 23. Ra4 Bxa5 24. Bg4 b5 25. Rxa5 Nxa5 26. Nxd5 Nc4 27. Bxe6+
Kxe6 28. Nc7+ Kd7 29. Nxa8 Nxd2 30. e6+ Ke7 31. Rd1 Rxa8 32. Rxd2 Kxe6 33. Kf2
Kd5 34. Ke1 Re8+ 35. Kd1 Re4 36. g3 Rxd4 37. Rxd4+ Kxd4 38. Kd2 Bd3 {#R} 0-1

[Event "Hampstead U2200 July 2013"]
[Site "Hampstead, UK"]
[Date "2013.07.21"]
[Round "4"]
[White "Macdonald, John"]
[Black "Ivanov, George"]
[Result "0-1"]
[WhiteElo "1602"]
[BlackElo "1739"]
[EventRounds "5"]

1. e4 e5 2. f4 d6 3. Nf3 Nc6 4. c3 Nf6 5. d4 exd4 6. cxd4 d5 7. e5 Ne4 8. Nc3
Bb4 9. Qb3 Bg4 10. Be2 Bxf3 11. Bxf3 Nxd4 12. Qa4+ b5 13. Qd1 c5 14. O-O Nxc3
15. bxc3 Bxc3 16. Rb1 O-O 17. Be3 b4 18. Kh1 a5 19. f5 Nxf3 20. Qxf3 d4 21.
Bf4 Rc8 22. Qg3 f6 23. e6 Re8 24. Qg4 Rc6 25. Rf3 Re7 26. Rh3 Qe8 27. Qh4 h5
28. Rg3 Kh8 29. Rg6 Qg8 30. Qxh5+ Qh7 31. Qf3 Rcxe6 32. fxe6 Qxg6 33. Rf1 d3
34. Bd6 Re8 35. e7 d2 36. Qh3+ Kg8 37. Qe6+ Qf7 38. Qd7 c4 39. Bc5 b3 40. axb3
cxb3 41. Rd1 b2 {Remaining moves unclear, but 0-1, 53, by Checkmate.} {#R} 0-1

[Event "Hampstead U2200 July 2013"]
[Site "Hampstead, UK"]
[Date "2013.07.21"]
[Round "4"]
[White "Sloan, Cecil"]
[Black "Karia, Rishul"]
[Result "1/2-1/2"]
[WhiteElo "1700"]
[BlackElo "1490"]
[EventRounds "5"]

1. e4 e5 2. Nf3 Nc6 3. d4 exd4 4. Bc4 Bc5 5. c3 d3 6. Qxd3 d6 7. O-O Nf6 8. a4
a5 9. Bg5 Bg4 10. Nbd2 O-O 11. Nb3 Bxf3 12. Qxf3 Ne5 13. Qe2 Bb6 14. Nd2 h6
15. Bh4 Ng6 16. Bg3 Re8 17. Bd3 Qd7 18. Qf3 Re7 19. Bc2 c6 20. Rad1 Bc7 21. c4
d5 22. exd5 cxd5 23. Bxg6 fxg6 24. Bxc7 Qxc7 25. cxd5 Qd7 26. Qb3 Qxd5 27. Qc2
Re2 28. Qc1 Qc6 29. Qxc6 bxc6 30. Nc4 c5 31. Rd6 Rc2 32. b3 Rc3 33. Rc6 Rxb3
34. Rxc5 Rb4 35. Rxa5 Rxa5 36. Nxa5 Rxa4 37. Nc6 Rc4 38. Ne5 Rc5 39. Nxg6 Kf7
40. Nh4 Nh5 41. Nf3 Nf4 42. g3 Nh3+ 43. Kg2 Ng5 44. Nxg5+ Rxg5 45. Ra1 Rb5 46.
Ra7+ {#d} 1/2-1/2

[Event "Hampstead U2200 July 2013"]
[Site "Hampstead, UK"]
[Date "2013.07.21"]
[Round "4"]
[White "Jina, Taran"]
[Black "Lovell, William"]
[Result "1-0"]
[WhiteElo "1690"]
[BlackElo "1322"]
[EventRounds "5"]

1. e4 e5 2. Nf3 Nc6 3. Bc4 Nf6 4. d3 Be7 5. c3 Na5 6. Nxe5 Nxc4 7. Nxc4 d5 8.
exd5 Qxd5 9. Ne3 Qc6 10. Nd2 O-O 11. O-O Re8 12. Nf3 b6 13. h3 Bb7 14. Qb3 Qe6
15. Qxe6 fxe6 16. Ng5 Bd6 17. Nc4 Re7 18. Re1 Rae8 19. b3 h6 20. Ne4 Nxe4 21.
dxe4 e5 22. f3 Kh7 23. Ne3 g6 24. Ng4 h5 25. Nf6+ Kh8 26. Nxe8 Rxe8 27. Be3
Kg7 28. Red1 Rd8 29. c4 c5 30. Rd2 Kf7 31. Rad1 Ke6 32. Kf2 Rd7 33. f4 Bc8 34.
f5+ gxf5 35. exf5+ Ke7 36. Bg5+ {#r} 1-0

[Event "Hampstead U2200 July 2013"]
[Site "Hampstead, UK"]
[Date "2013.07.21"]
[Round "4"]
[White "Balouka Myers, Reuben"]
[Black "Wen, Jackson"]
[Result "1-0"]
[WhiteElo "1564"]
[BlackElo "1642"]
[EventRounds "5"]

1. e4 d6 2. d4 Nf6 3. Nc3 g6 4. f3 Bg7 5. Be3 O-O 6. Qd2 a6 7. g4 Nc6 8. Bc4
e5 9. h4 h5 10. gxh5 Nxh5 11. d5 Ne7 12. O-O-O b5 13. Bb3 f5 14. Nge2 f4 15.
Bf2 Kh7 16. Ng1 Qe8 17. Nh3 Bxh3 18. Rxh3 a5 19. a4 b4 20. Nb5 Qc8 21. Rhh1
Rd8 22. Qd3 c5 23. dxc6 Nxc6 24. Bd5 Ra6 25. Bxc6 Qxc6 26. Nc7 Qxc7 27. Qxa6
b3 28. c3 Qd7 29. Qxa5 Ng3 30. Rh2 Rc8 31. Qb4 Rc7 32. Qxb3 Rb7 33. Qc4 Rc7
34. Qb4 Bf8 35. Qb3 Rb7 36. Qa2 Qc6 37. Rg2 Bh6 38. Kc2 Qa6 39. Rd2 Nf1 40.
Rd3 Ng3 41. Bxg3 fxg3 42. Rxg3 Qb6 43. Rg2 Qc6 44. Qa3 Rd7 45. Qb4 Qa6 46. Qb5
Qa7 47. b3 Rb7 48. Qd5 Rd7 49. Qc6 Bf8 50. Qd5 Rg7 51. Qc6 Rc7 52. Qd5 Rg7 53.
Qe6 Qc7 54. Qc4 Qa7 55. Qb5 Rb7 56. Qc4 Rc7 57. Qe6 Rg7 58. Qe8 Be7 59. Qc6
Bf8 60. b4 Qf7 61. Qd5 Qd7 62. Qb5 Qf7 63. Kb2 Qa7 64. a5 Be7 65. Qb6 Qd7 66.
a6 Qa4 67. Qa5 Qxa5 68. bxa5 Bxh4 69. Rxd6 Be1 70. Rh2+ Kg8 71. Rd8+ Kf7 72.
Rd7+ Kf6 73. Rxg7 Kxg7 74. a7 {#r} 1-0

[Event "Hampstead U2200 July 2013"]
[Site "Hampstead, UK"]
[Date "2013.07.21"]
[Round "4"]
[White "Jina, Asha"]
[Black "Klingher, Dominic"]
[Result "1/2-1/2"]
[WhiteElo "1570"]
[BlackElo "1642"]
[EventRounds "5"]

1. e4 e6 2. d4 d5 3. Nc3 Bb4 4. e5 Bxc3+ 5. bxc3 Ne7 6. Bd3 c5 7. Be3 c4 8.
Be2 Nf5 9. Qd2 O-O 10. f4 b5 11. Nf3 a5 12. Rb1 Bd7 13. g4 Nxe3 14. Qxe3 Nc6
15. h4 b4 16. g5 Ne7 17. h5 Nf5 18. Qf2 Ba4 19. Bd1 Ne7 20. cxb4 Rb8 21. a3
axb4 22. axb4 Rb6 23. c3 Bxd1 24. Rxd1 Qa8 25. Qb2 Ra6 26. Rh2 Nf5 27. Nh4 Ng3
28. Nf3 Ne4 29. g6 h6 30. Nh4 f6 31. Qc1 {#d} 1/2-1/2

[Event "Hampstead U2200 July 2013"]
[Site "Hampstead, UK"]
[Date "2013.07.21"]
[Round "4"]
[White "Gribben, Chris"]
[Black "Ivanov, Elizabeth"]
[Result "0-1"]
[WhiteElo "1506"]
[BlackElo "1602"]
[EventRounds "5"]

1. e4 c5 2. Nf3 Nc6 3. Bb5 a6 4. Bxc6 bxc6 5. c4 g6 6. O-O Bg7 7. Nc3 d6 8. d3
Nf6 9. Re1 O-O 10. h3 Rb8 11. Rb1 Nd7 12. Qc2 Ne5 13. Nxe5 Bxe5 14. Be3 f5 15.
Ne2 f4 16. Bd2 f3 17. Ng3 fxg2 18. Kxg2 Bxh3+ 19. Kxh3 Rxf2 20. Rg1 Qd7+ 21.
Nf5 Rh2+ 22. Kg4 Kh8 23. Kf3 gxf5 24. Rh1 fxe4+ {#R} 0-1

[Event "Hampstead U2200 July 2013"]
[Site "Hampstead, UK"]
[Date "2013.07.21"]
[Round "4"]
[White "Ali, Zarrar"]
[Black "Karia, Kamlesh"]
[Result "1-0"]
[WhiteElo "1600"]
[BlackElo "1570"]
[EventRounds "5"]

1. d4 d5 2. c4 e5 3. dxe5 d4 4. Nf3 Nc6 5. g3 Bg4 6. Bg2 Qd7 7. O-O Bh3 8.
Bxh3 Qxh3 9. Bf4 Nge7 10. Ng5 Qc8 11. Qb3 h6 12. Ne4 Ng6 13. e3 Nxf4 14. exf4
Be7 15. Nbd2 g5 16. Qf3 g4 17. Qe2 Qe6 18. Nb3 b6 19. Rfd1 Rd8 20. Rac1 h5 21.
c5 h4 22. cxb6 axb6 23. Qb5 hxg3 24. fxg3 Qf5 25. Qxc6+ Kf8 26. Nxd4 Qh7 27.
Qc2 Qh6 28. Nf5 Rxd1+ 29. Rxd1 Qh3 30. Nxe7 Kxe7 31. Qxc7+ Kf8 32. Rd8+ Kg7
33. Rxh8 Qxh8 34. Nd6 {#r} 1-0

[Event "Hampstead U2200 July 2013"]
[Site "Hampstead, UK"]
[Date "2013.07.21"]
[Round "4"]
[White "Oyama, Harunobu"]
[Black "Gergelova, Monika"]
[Result "1-0"]
[WhiteElo "1598"]
[BlackElo "1297"]
[EventRounds "5"]

1. e4 e5 2. Nf3 Nc6 3. Nc3 Bc5 4. Nxe5 Qf6 5. Nf3 Nge7 6. Be2 d6 7. O-O Bg4 8.
d3 h6 9. Be3 Nd4 10. Nxd4 Bxe2 11. Ndxe2 O-O 12. Bxc5 dxc5 13. Qc1 c6 14. Qf4
Qe6 15. Qg3 f5 16. Qh3 Qd6 17. exf5 Nxf5 18. Rae1 Rae8 19. Ng3 Nd4 20. Rxe8
Rxe8 21. Nce4 Qd5 22. Re1 Qf7 23. Qh5 Qf8 24. Qg6 Re6 25. Qg4 Qf7 26. Nh5 Rg6
27. Qc8+ Kh7 28. Nd6 Rxd6 29. Re8 Qxh5 30. Rh8+ Kg6 31. Qe8+ Kg5 32. Qe5+ Kg6
33. Qxd6+ Kg5 34. Qe5+ Nf5 35. f3 Kg6 36. Rf8 {#r} 1-0

[Event "Hampstead U2200 July 2013"]
[Site "Hampstead, UK"]
[Date "2013.07.21"]
[Round "4"]
[White "Byrne, Ken J"]
[Black "Chauhan, Pranay"]
[Result "0-1"]
[WhiteElo "1194"]
[BlackElo "1450"]
[EventRounds "5"]

1. c4 Nf6 2. g3 c6 3. Bg2 d5 4. d4 Bf5 5. Nc3 dxc4 6. Bg5 Nbd7 7. Nf3 h6 8.
Bxf6 Nxf6 9. Ne5 e6 10. Nxc4 Bb4 11. O-O Bh7 12. e4 Bxc3 13. bxc3 Bxe4 14.
Bxe4 Nxe4 15. Re1 Nf6 16. Ne3 O-O 17. Ng4 Rc8 18. Nxf6+ Qxf6 19. Re5 Rfd8 20.
Qe2 b6 21. Kg2 c5 22. Rd1 Rd7 23. d5 Rxd5 24. Rdxd5 exd5 25. Rxd5 Qxc3 26. Qe7
Qc4 27. Rd8+ Rxd8 28. Qxd8+ Kh7 29. Qd7 Qxa2 30. Qf5+ g6 31. Qf6 Qd5+ 32. Kg1
c4 33. h4 h5 34. Kh2 b5 35. f4 a5 36. Kh3 Qh1# 0-1

[Event "Hampstead U2200 July 2013"]
[Site "Hampstead, UK"]
[Date "2013.07.21"]
[Round "4"]
[White "Hung, Jake"]
[Black "Lewis, Timothy"]
[Result "1-0"]
[WhiteElo "1657"]
[BlackElo "1322"]
[EventRounds "5"]

1. c4 e5 2. Nc3 Nc6 3. g3 f5 4. Bg2 Bb4 5. e3 d6 6. Nge2 Nf6 7. O-O O-O 8. d3
Qe8 9. a3 Ba5 10. b4 Bb6 11. d4 a6 12. Qb3 Kh8 13. c5 Ba7 14. Bb2 Qh5 15. h3
f4 16. g4 Qh4 17. exf4 exd4 18. Ne4 Nxe4 19. Bxe4 dxc5 20. bxc5 Bxc5 21. Rac1
Na5 22. Qf3 d3 23. Qxd3 Bd6 24. Nd4 Bxf4 25. Rc5 Nc6 26. Rh5 Ne5 27. Qc2 Bh2+
28. Kg2 Rxf2+ 29. Rxf2 Qg3+ 30. Kf1 Qg1+ 31. Ke2 Bxg4+ 32. hxg4 Qxg4+ 33. Kf1
Qg1+ 34. Ke2 Qg4+ 35. Ke1 Qg1+ 36. Ke2 Qg4+ 37. Nf3 Qxh5 38. Rxh2 Qf7 39. Nxe5
Qf4 40. Ng6+ {#r} 1-0

[Event "Hampstead U2200 July 2013"]
[Site "Hampstead, UK"]
[Date "2013.07.21"]
[Round "4"]
[White "Hung, Dylan"]
[Black "Larios, Rafael"]
[Result "1-0"]
[WhiteElo "1490"]
[BlackElo "1610"]
[EventRounds "5"]

1. c4 Nf6 2. Nc3 g6 3. g3 Bg7 4. Bg2 c5 5. d3 Nc6 6. Bd2 d6 7. Nf3 O-O 8. O-O
d5 9. cxd5 Nxd5 10. Nxd5 Qxd5 11. Ng5 Qd8 12. Bc3 f6 13. Qb3+ e6 14. Nxe6 Bxe6
15. Qxe6+ Kh8 16. Bxc6 bxc6 17. Qxc6 Rc8 18. Qa4 Qe7 19. d4 f5 20. dxc5 Bxc3
21. bxc3 Qxc5 22. Qd4+ Kg8 23. Qxc5 Rxc5 24. Rac1 Rfc8 25. Rfd1 Ra5 26. Rd2
Ra3 27. Rcc2 Rc4 28. Rd4 Rc7 29. c4 Kf7 30. e4 fxe4 31. Rxe4 Kf6 32. Kg2 Kf5
33. Re3 Ra4 34. a3 h5 35. h3 Rcxc4 36. Rxc4 Rxc4 37. f4 Ra4 38. Kf3 Ra5 39.
g4+ Kf6 40. Kg3 hxg4 41. hxg4 g5 42. f5 Ra4 43. Re6+ Kf7 44. Rg6 Rxa3+ 45. Kf2
a5 46. Rxg5 Kf6 47. Rg6+ Kf7 48. g5 a4 49. Ra6 Ra2+ 50. Ke3 a3 51. g6+ Kg7 52.
Ra7+ {#r} 1-0

[Event "Hampstead U2200 July 2013"]
[Site "Hampstead, UK"]
[Date "2013.07.21"]
[Round "5"]
[White "Allison, Conrad"]
[Black "Oyama, Akito"]
[Result "1-0"]
[WhiteElo "1885"]
[BlackElo "1966"]
[EventRounds "5"]

1. e4 c5 2. Nf3 Nc6 3. d4 cxd4 4. Nxd4 e5 5. Nb5 d6 6. N1c3 a6 7. Na3 Be6 8.
Be2 Be7 9. O-O Nf6 10. Bg5 O-O 11. Bxf6 Bxf6 12. Nd5 Rc8 13. c3 Bxd5 14. Qxd5
b5 15. Nc2 Qb6 16. Ne3 Ne7 17. Qd3 Bg5 18. Nd5 Nxd5 19. Qxd5 Rc5 20. Qd3 Rd8
21. Rfd1 a5 22. b4 axb4 23. cxb4 Rc4 24. a3 Rd4 25. Qxb5 Qxb5 26. Bxb5 Rxe4
27. Bc6 Rc4 28. b5 e4 29. Bd5 Ra4 30. Re1 Bf6 31. Ra2 Re8 32. b6 Rd4 33. Bc6
Rb8 34. b7 Bd8 35. Rc2 d5 36. Kf1 Kf8 37. Rc5 Rd2 38. Rb5 Ke7 39. Bxd5 f5 40.
Rc1 Kd7 41. Rc8 Rxc8 42. Be6+ {#r} 1-0

[Event "Hampstead U2200 July 2013"]
[Site "Hampstead, UK"]
[Date "2013.07.21"]
[Round "5"]
[White "Wadsworth, Matthew"]
[Black "Pein, Jonathan"]
[Result "1-0"]
[WhiteElo "2136"]
[BlackElo "1834"]
[EventRounds "5"]

1. c4 e5 2. g3 Nc6 3. Bg2 Nf6 4. Nc3 Be7 5. d3 O-O 6. e4 Bc5 7. Nf3 a6 8. O-O
d6 9. Be3 Bxe3 10. fxe3 Be6 11. Nd5 h6 12. Nh4 Bxd5 13. cxd5 Ne7 14. Nf5 c6
15. Nxh6+ gxh6 16. Rxf6 Nxd5 17. Rxh6 Qg5 18. Rxd6 Qxe3+ 19. Kh1 Ne7 20. Qg4+
Ng6 21. Qf3 Qxf3 22. Bxf3 Kg7 23. d4 Rad8 24. Rxd8 Rxd8 25. d5 cxd5 26. exd5
f5 27. Rd1 e4 28. Bg2 Kf6 29. g4 Nf4 30. gxf5 Nxg2 31. Kxg2 Kxf5 32. d6 Kf4
33. Kf2 e3+ 34. Ke2 Rh8 35. h4 Rg8 36. d7 Rg2+ 37. Kd3 e2 38. Re1 {#r} 1-0

[Event "Hampstead U2200 July 2013"]
[Site "Hampstead, UK"]
[Date "2013.07.21"]
[Round "5"]
[White "Nixon, Rodney J"]
[Black "Ismailov, Roman"]
[Result "1-0"]
[WhiteElo "1971"]
[BlackElo "2073"]
[EventRounds "5"]

1. e4 c5 2. Nf3 d6 3. d4 cxd4 4. Nxd4 Nf6 5. Nc3 a6 6. Be2 e5 7. Nb3 Be6 8.
O-O Qc7 9. a4 Be7 10. Nd5 Nxd5 11. exd5 Bf5 12. c4 O-O 13. Be3 Nd7 14. a5 Bg6
15. Qd2 f5 16. f4 Rad8 17. fxe5 dxe5 18. c5 Bf6 19. c6 bxc6 20. Rfc1 Bf7 21.
Rxc6 Qb7 22. Bc4 f4 23. Bf2 e4 24. Qxf4 Ne5 25. Rb6 Qa8 26. Rxf6 gxf6 27. Qxf6
Nd7 28. Qg5+ Bg6 29. d6+ Kg7 30. Qe7+ Rf7 31. Bxf7 Bxf7 32. Bd4+ Kg8 33. Rf1
Rf8 34. Rf4 {#r} 1-0

[Event "Hampstead U2200 July 2013"]
[Site "Hampstead, UK"]
[Date "2013.07.21"]
[Round "5"]
[White "Landau, Jonathan"]
[Black "Buyandalai, Tumen"]
[Result "0-1"]
[WhiteElo "1922"]
[BlackElo "2066"]
[EventRounds "5"]

1. e4 d6 2. Nf3 Nf6 3. Nc3 g6 4. d4 Bg7 5. Be2 O-O 6. O-O Nfd7 7. Be3 Nc6 8.
Qd2 e5 9. Rad1 a6 10. a4 f6 11. Rfe1 Ne7 12. Bc4+ Kh8 13. Ne2 Nb6 14. Bb3 Bg4
15. c3 a5 16. Kh1 Bxf3 17. gxf3 Qd7 18. dxe5 fxe5 19. Bxb6 cxb6 20. Qxd6 Qxd6
21. Rxd6 Rxf3 22. Rd7 Ng8 23. Kg2 Raf8 24. Rf1 Bh6 25. Ng3 Nf6 26. Rxb7 Ng4
27. Rxb6 Be3 28. Rb5 Bxf2 29. Kh3 Nxh2 30. Rxf2 Rxf2 31. Rxa5 Nf3 32. Bd1 Rh2+
33. Kg4 Rf4# 0-1

[Event "Hampstead U2200 July 2013"]
[Site "Hampstead, UK"]
[Date "2013.07.21"]
[Round "5"]
[White "Levene, Joseph"]
[Black "Farzaliyev, Kanan"]
[Result "1/2-1/2"]
[WhiteElo "1729"]
[BlackElo "2050"]
[EventRounds "5"]

1. e4 c5 2. Nc3 Nc6 3. f4 e6 4. Nf3 d5 5. Bb5 a6 6. Bxc6+ bxc6 7. d3 Nf6 8.
O-O Qb6 9. Qe1 a5 10. f5 c4+ 11. Be3 Bc5 12. Bxc5 Qxc5+ 13. d4 Qe7 14. e5 Nd7
15. Qg3 exf5 16. Qxg7 Qf8 17. Qg5 Rg8 18. Qxf5 Qg7 19. g3 Nf8 20. Qf6 Be6 21.
Qxg7 Rxg7 22. Nh4 Rb8 23. Rab1 Rg4 24. Rf4 Ng6 25. Nxg6 hxg6 26. Rxg4 Bxg4 27.
b3 Bf5 28. Rc1 cxb3 29. cxb3 Rb4 30. Ne2 Bg4 31. Kf2 Kd7 32. Rd1 a4 33. Rd3
Bf5 34. Rc3 Bb1 35. bxa4 Bxa2 36. Rf3 Ke7 37. Ke3 Rxa4 38. Rf4 Ra3+ 39. Kd2
Bc4 40. Nc3 Ra1 41. Rf2 Ra5 42. Ke3 c5 43. dxc5 Rxc5 44. Kd4 Ra5 45. Rb2 Ke6
{#d} 1/2-1/2

[Event "Hampstead U2200 July 2013"]
[Site "Hampstead, UK"]
[Date "2013.07.21"]
[Round "5"]
[White "Hayward, Alan"]
[Black "Porter, Sam J"]
[Result "1-0"]
[WhiteElo "1954"]
[BlackElo "1870"]
[EventRounds "5"]

1. d4 Nf6 2. Nc3 d5 3. Bg5 Nbd7 4. Nf3 c6 5. e3 e6 6. a3 Bd6 7. Bd3 O-O 8. O-O
Qc7 9. Re1 a6 10. e4 dxe4 11. Nxe4 Nxe4 12. Rxe4 f6 13. Rh4 g6 14. Bh6 Rf7 15.
Qe2 Nf8 16. Bc4 Bd7 17. Re4 Re8 18. Re1 Rfe7 19. Qd2 c5 20. dxc5 Bxc5 21. Qc3
Qc8 22. Qxf6 Rf7 23. Qc3 Bc6 24. Rf4 Qc7 25. Bxf8 Bxf2+ 26. Kxf2 Qxf4 27. Bb4
Bxf3 28. gxf3 Qxh2+ 29. Ke3 Qg2 30. Qe5 Rxf3+ 31. Kd4 Qf2+ 32. Ke4 Rf6 33. Be2
Rf5 34. Qc7 Qg2+ 35. Kd3 Qd5+ 36. Kc3 Re5 37. b3 a5 38. Bd6 Re3+ 39. Kb2 Qd4+
40. Ka2 Qd2 41. Rf1 Ra8 42. Qf7+ Kh8 43. Bd3 Rc8 44. Bc5 Rxd3 45. Qf6+ Kg8 46.
Qxe6+ Kg7 47. Bf8+ Rxf8 48. Qe7+ Rf7 49. Rxf7+ {#r} 1-0

[Event "Hampstead U2200 July 2013"]
[Site "Hampstead, UK"]
[Date "2013.07.21"]
[Round "5"]
[White "Balakrishnan, Naveen K"]
[Black "Pattni, Kishan"]
[Result "1-0"]
[WhiteElo "2026"]
[BlackElo "1727"]
[EventRounds "5"]

1. d4 Nf6 2. c4 g6 3. Nc3 Bg7 4. e4 d6 5. Be2 c6 6. Nf3 Bg4 7. Nd2 Bxe2 8.
Qxe2 e5 9. d5 cxd5 10. cxd5 O-O 11. O-O Nbd7 12. b3 a6 13. Nc4 Nb6 14. Bd2 Nh5
15. g3 f5 16. Nxb6 Qxb6 17. exf5 Rxf5 18. Na4 Qd8 19. Qe3 Rf7 20. Nb6 Rb8 21.
Ba5 Qf8 22. Qe4 Nf6 23. Qa4 Qe8 24. Qc4 Nd7 25. Rac1 Nxb6 26. Bxb6 Qd7 27. Qb4
Rff8 28. Rc7 Qf5 29. Qxd6 e4 30. Qe7 Qe5 31. d6 Rfe8 32. Qf7+ Kh8 33. Rd1 Rf8
34. Qxg7+ {#r} 1-0

[Event "Hampstead U2200 July 2013"]
[Site "Hampstead, UK"]
[Date "2013.07.21"]
[Round "5"]
[White "Samadov, Samir"]
[Black "Millward, David J"]
[Result "1/2-1/2"]
[WhiteElo "1490"]
[BlackElo "1998"]
[EventRounds "5"]

1. e4 d5 2. exd5 Qxd5 3. Nc3 Qd6 4. Nf3 Bg4 5. h3 Bxf3 6. Qxf3 c6 7. Bc4 Nf6
8. O-O e6 9. a3 Nbd7 10. d3 Ne5 11. Qf4 Nxc4 12. Qxc4 Qc5 13. Qxc5 Bxc5 14.
Be3 Bd6 15. Ne4 Nxe4 16. dxe4 b6 17. Rad1 Rd8 18. c3 Ke7 19. f4 Bc7 20. Rd2
{#d} 1/2-1/2

[Event "Hampstead U2200 July 2013"]
[Site "Hampstead, UK"]
[Date "2013.07.21"]
[Round "5"]
[White "Joslin, Tim"]
[Black "Brozel, Sacha"]
[Result "0-1"]
[WhiteElo "1922"]
[BlackElo "1706"]
[EventRounds "5"]

1. e4 c5 2. c3 Nf6 3. e5 Nd5 4. d4 e6 5. c4 Nb6 6. d5 d6 7. Nc3 dxe5 8. Nf3
Bd6 9. Ne4 exd5 10. cxd5 O-O 11. Be3 Bg4 12. Be2 Qc7 13. Rc1 N8d7 14. h3 Bxf3
15. Bxf3 Rfe8 16. a4 f5 17. Nxd6 Qxd6 18. a5 e4 19. axb6 exf3 20. Qxf3 f4 21.
O-O fxe3 22. fxe3 Rf8 23. Qe4 Nxb6 24. Rfd1 Rae8 25. Qd3 Qg3 26. d6 Rf2 {#R}
0-1

[Event "Hampstead U2200 July 2013"]
[Site "Hampstead, UK"]
[Date "2013.07.21"]
[Round "5"]
[White "Botteley, Michael T"]
[Black "Miu, Marinel"]
[Result "0-1"]
[WhiteElo "1910"]
[BlackElo "1700"]
[EventRounds "5"]

1. d4 d5 2. Nf3 e6 3. e3 c6 4. Bd3 f5 5. c4 Bd6 6. Ne5 Nf6 7. O-O O-O 8. f4
Ne4 9. Nc3 Nxc3 10. bxc3 Nd7 11. Qc2 Nf6 12. cxd5 cxd5 13. a4 Bd7 14. Ba3 Bxa3
15. Rxa3 Rc8 16. Qb3 Rc7 17. c4 Bc8 18. c5 Nd7 19. Nf3 h6 20. a5 a6 21. g3 g6
22. Rc1 Rc6 23. Qa2 Kg7 24. Bc2 Rc7 25. Ba4 Nf6 26. Rb3 Ne4 27. Rb6 g5 28. Ne5
gxf4 29. exf4 Kh7 30. Bd1 Rg8 31. Rb3 Qh4 32. Nf3 Qxf4 33. Rc2 Rcg7 34. Rg2
Qc1 35. Qc2 Qxc2 36. Bxc2 Nf6 37. Ne5 Nd7 38. Nd3 Rg4 39. Nf4 Nb8 40. Re3 Nc6
41. Rd3 Nxa5 42. Kh1 Nc6 43. Re2 Nb4 44. Rde3 Nxc2 45. Rxc2 Bd7 46. Rb2 Bc8
47. Rb6 R8g7 48. c6 Rc7 49. cxb7 Rxb7 50. Rxb7+ Bxb7 51. Rxe6 Rg7 52. Nd3 a5
53. Nc5 Rc7 54. Rb6 Bc8 55. Rd6 Rg7 56. Rxd5 a4 57. Re5 a3 58. Re2 Bb7+ 59.
Kg1 Bd5 60. Rc2 Kg6 61. Rc1 a2 62. Kf2 Ra7 63. Ra1 Ra3 64. Ke2 Bc4+ 65. Kd2
Rf3 66. Kc2 Rf2+ 67. Kc3 Bd5 68. Nd3 Rf3 69. Kd2 Kf6 70. Ke2 Be4 71. Nf2 Ra3
72. g4 Bf3+ 73. Kd2 fxg4 74. Nd3 Kg5 75. Nc1 Bd5 76. Nd3 Bg8 77. Nc1 Rh3 78.
Ne2 Rxh2 79. Ke3 Bd5 80. Nc3 Bb3 81. d5 Kf5 82. d6 Be6 83. Nxa2 Ke5 84. Nc3
Rh3+ 85. Kd2 Kxd6 86. Re1 Bd5 87. Ne2 Rh2 88. Ke3 h5 89. Nf4 Bc4 90. Kd4 Bf7
91. Rb1 g3 92. Rb6+ Ke7 93. Rb1 h4 94. Ke3 h3 {#R} 0-1